00321nam a2200121Ia 4500008004100000041000800041082001200049100002400061245004500085260002500130300003300155365001100188240624s9999 xx 000 0 und d aeng a657 DAS aDAS SUBHASH CHANDRA aBUSINESS ACCOUNTING AND FINANCIAL MANAGE c2015aNew DelhibPHI axxvii, : 907 : p. : cm. ; 26 cRSb33